01467nam a22003377a 4500003000400000005001700004008004100021040002200062082001800084100003000102245003000132260006000162300002100222366000800243490003100251505001200282505009200294505015900386505001200545650006000557650005200617650005300669650004300722650004500765650005600810650004700866700003600913942002900949999001500978952013600993OSt20230608140153.0221006b |||||||| |||| 00| 0 eng d cBiblioteca Lado V a709.05bG851a 9855aGriffin, Timeeditor aArtforum/bInternacional/ aNew Yorkc2006bNew York editorial and business offices c26.5x27cma330p. espa aNoviembrev2006x0864-1315 tLetters tCOLUMNSaPassages Film On site Sound Top Ten Entries News Hotlist Film Top Ten tFeaturesaMatters of Appearance Outside in Something different Sculpture's Orbit 1000 Words According to what Climates and other disasters Openings tReviews 2Tesauro de Arte & ArquitecturaaARTE COMTEMPORANEO9703 2Tesauro de Arte & ArquitecturaaFOTOGRAFIA9702 2Tesauro de Arte & ArquitecturaaARTE VISUAL9702 2Tesauro de Arte & ArquitecturaaLIBROS 2Tesauro de Arte & ArquitecturaaNOTICIAS 2 Tesauro de Arte & ArquitecturaaARTE INTERNACIONAL 2 Tesauro de Arte & ArquitecturaaESCULTURA aNavarreta, Jose Antonioeeditor 2ddcc1h709.05iG851an0 c3834d3834 00102ddc3200640708RevistasaLVbLVd2023-06-08hNoviembrei002544l0o709.05 G851ap002544r2023-06-08 00:00:00w2023-06-08y1